000
00303nam a22001337a 4500
008
170707b xxu||||| |||| 00| 0 eng d
020
_a
0321291506
041
_a
eng
080
_a
05
100
_a
22
101
_a
GJL
245
_a
THE ALLYN BACON GUIDE TO WRITING
_c
RAMAEG.J.D
942
_2
udc
_c
BK
999
_c
20036
_d
20036